Tổng hợp văn học dân gian xứ Huế T.5 Ca dao
v.v...
Đã lưu trong:
| Tác giả chính: | |
|---|---|
| Định dạng: | Sách |
| Năm xuất bản: |
H.
Đại học Quốc gia
2010
|
| Chủ đề: | |
| Tags: |
Thêm thẻ
Không có thẻ, Hãy là người đầu tiên gắn thẻ bản ghi này!
|
| LEADER | 00652nam a2200181 4500 | ||
|---|---|---|---|
| 082 | |a 398.8 |b TR309NG | ||
| 100 | |a Triều Nguyên | ||
| 245 | |a Tổng hợp văn học dân gian xứ Huế |c Triều Nguyên |n T.5 |p Ca dao | ||
| 260 | |a H. |b Đại học Quốc gia |c 2010 | ||
| 300 | |a 1119 tr. |c 21 cm. | ||
| 520 | |a v.v... | ||
| 653 | |a Văn học dân gian | ||
| 653 | |a Ca dao | ||
| 653 | |a Huế | ||
| 653 | |a Việt Nam | ||
| 942 | |2 ddc |c SH | ||
| 999 | |c 8406 |d 8406 | ||
| 952 | |0 0 |1 0 |2 ddc |4 0 |6 398_800000000000000_TR309NG |7 0 |8 300 |9 70022 |a qbu |b qbu |c D2 |d 2015-04-07 |g 180000 |l 1 |o 398.8 TR309NG |p 8185.c1 |r 2015-04-23 |s 2015-04-16 |w 2015-04-07 |y SH |0 0 |6 398_800000000000000_TR309NG | ||